000 00542nam a2200193Ia 4500
005 20250508154647.0
008 008 250505s9999 xx 000 0 eng d
037 _aTextual
040 _aFEDL
_beng
_cFEDL
041 _aeng
_2eng
084 _a338.954, BHA
_qFEDL
100 _aBhatia B. M.
245 0 _aIndia's economic crisis and fourth five year plan
260 _aDelhi, India
_bAtma Ram and Sons
_c1967
300 _aii,91p.
650 _aEconomics
942 _cTEXL
_h338.954, BHA
999 _c1351457
_d1351457